[Event "IECG CP.2003.P.00068 email"]
[Site "IECG email"]
[Date "2003.10.01"]
[Round "?"]
[White "Migliorini, Roberto"]
[Black "Mattsson, Anders"]
[Result "1-0"]
[WhiteElo "2084"]
[BlackElo "800"]
[PlyCount "51"]
[EventDate "2003.10.01"]
[EventType "tourn (corr)"]
[EventRounds "6"]
[EventCountry "ITA"]
[SourceTitle "Corr 2008"]
[Source "ChessBase"]
[SourceDate "2008.06.24"]
[SourceVersion "1"]
[SourceVersionDate "2008.06.24"]
[SourceQuality "1"]

1. e4 e5 2. Nf3 Nc6 3. Nc3 Nf6 4. d4 Ng4 5. d5 Bc5 6. dxc6 Nxf2 7. Qd5 Qe7 8. cxb7 Rb8 9. bxc8Q+ Rxc8 10. Ba6 c6 11. Qxe5 Rb8 12. Qxb8+ Qd8 13. Qe5+ Qe7 14. Qxg7 Rf8 15. Rf1 Nxe4 16. Nxe4 Qxe4+ 17. Kd1 Bd6 18. Re1 Qe7 19. Rxe7+ Bxe7 20. Ng5 h5 21. Nh7 h4 22. Nxf8 Bxf8 23. Qe5+ Be7 24. Bg5 f6 25. Bxf6 Kd8 26. Qb8# 1-0